000 00318nam a2200121Ia 4500
008 240624s9999 xx 000 0 und d
041 _aeng
082 _a920 NAY
100 _aNAYAR KULDIP
245 _aBEYOND THE LINES AN AUTOBIOGRAPHY
260 _c2012
_aNew Delhi
_bRoli Books
300 _axii, : 420 : p. : cm. ; 24
999 _c20805
_d20805